Slovenská televízia: firma alebo úrad Aj verejno-právna televízia je štandardná firma s príjmami a výdajmi

Diskusia o Slovenskej televízii (STV) od jej zriadenia zákonom č.254/91 Zb. Nezodpovedané otázky na jej formu, či je to inštitúcia, alebo výrobný podnik, úrad alebo médium a čo znamená pojem verejno-právna. Dôsledky tejto nerozhodnosti v oblasti zákonodarstva.

Salvato in:
Dettagli Bibliografici
Autore principale: Filo, Peter
Natura: Capitolo di libro
Lingua:slovacco
Soggetti:
Tags: Aggiungi Tag
Nessun Tag, puoi essere il primo ad aggiungerne!!

MARC

LEADER 00000naa a2200000 4500
001 r017336
005 20221213100602.3
041 0 |a slo 
044 |a SK 
245 1 0 |a Slovenská televízia: firma alebo úrad  |b Aj verejno-právna televízia je štandardná firma s príjmami a výdajmi  |c Peter Filo 
520 |a Diskusia o Slovenskej televízii (STV) od jej zriadenia zákonom č.254/91 Zb. Nezodpovedané otázky na jej formu, či je to inštitúcia, alebo výrobný podnik, úrad alebo médium a čo znamená pojem verejno-právna. Dôsledky tejto nerozhodnosti v oblasti zákonodarstva. 
610 2 0 |a televízia 
610 2 0 |a STV 
610 2 0 |a inštitúcie verejnoprávne 
610 2 0 |a zákonodarstvo 
610 2 0 |a zákony 
610 2 0 |a Slovensko 
100 1 |a Filo, Peter